[Event "European Individual Chess Championship 2017"]
[Site "?"]
[Date "2017.05.31"]
[Round "2.41"]
[White "Dragnev, Valentin"]
[Black "Kovalev, Vladislav"]
[Result "0-1"]
[BlackElo "2629"]
[WhiteElo "2508"]
[LiveChessVersion "1.4.8"]

1. Nf3 {[%clk 1:30:56]} Nf6 {[%clk 1:30:21]} 2. c4 {[%clk 1:31:20]} g6
{[%clk 1:30:40]} 3. Nc3 {[%clk 1:31:45]} Bg7 {[%clk 1:31:06]} 4. e4
{[%clk 1:32:09]} d6 {[%clk 1:31:30]} 5. d4 {[%clk 1:32:34]} O-O {[%clk 1:31:57]}
6. Be2 {[%clk 1:33:00]} e5 {[%clk 1:29:23]} 7. O-O {[%clk 1:33:21]} c6
{[%clk 1:26:38]} 8. d5 {[%clk 1:32:48]} Na6 {[%clk 1:27:02]} 9. Be3
{[%clk 1:33:12]} Ng4 {[%clk 1:27:27]} 10. Bg5 {[%clk 1:33:38]} f6
{[%clk 1:27:55]} 11. Bh4 {[%clk 1:33:31]} c5 {[%clk 1:28:13]} 12. Ne1
{[%clk 1:33:15]} Nh6 {[%clk 1:21:36]} 13. f3 {[%clk 1:30:00]} Nf7
{[%clk 1:19:09]} 14. Nd3 {[%clk 1:21:59]} Bh6 {[%clk 1:19:08]} 15. Bf2
{[%clk 1:21:20]} Bd7 {[%clk 1:18:24]} 16. Rb1 {[%clk 1:19:50]} b6
{[%clk 1:15:14]} 17. b4 {[%clk 1:14:19]} f5 {[%clk 1:07:41]} 18. bxc5
{[%clk 0:56:02]} Nxc5 {[%clk 1:07:29]} 19. Nxc5 {[%clk 0:54:22]} dxc5
{[%clk 1:06:50]} 20. a4 {[%clk 0:43:23]} Nd6 {[%clk 1:05:55]} 21. Bd3
{[%clk 0:36:50]} Nb7 {[%clk 0:50:32]} 22. Bc2 {[%clk 0:27:14]} Qg5
{[%clk 0:45:38]} 23. Qd3 {[%clk 0:24:48]} Rf6 {[%clk 0:40:28]} 24. Rbe1
{[%clk 0:19:47]} Re8 {[%clk 0:35:04]} 25. exf5 {[%clk 0:17:52]} gxf5
{[%clk 0:28:58]} 26. Re2 {[%clk 0:16:07]} Rg6 {[%clk 0:25:34]} 27. Bg3
{[%clk 0:13:46]} Bg7 {[%clk 0:23:35]} 28. Qd2 {[%clk 0:09:11]} Qxd2
{[%clk 0:21:33]} 29. Rxd2 {[%clk 0:09:40]} Na5 {[%clk 0:21:56]} 30. Nb5
{[%clk 0:04:30]} Nxc4 {[%clk 0:19:46]} 31. Re2 {[%clk 0:04:55]} Bxb5
{[%clk 0:17:51]} 32. axb5 {[%clk 0:05:24]} Nd6 {[%clk 0:17:28]} 33. Rfe1
{[%clk 0:03:22]} Nxb5 {[%clk 0:17:33]} 34. Ba4 {[%clk 0:01:20]} a6
{[%clk 0:17:52]} 35. Rb2 {[%clk 0:00:38]} Rd8 {[%clk 0:15:56]} 36. Bh4
{[%clk 0:00:50]} Rd7 {[%clk 0:09:36]} 37. Bxb5 {[%clk 0:01:05]} axb5
{[%clk 0:10:02]} 38. Rxb5 {[%clk 0:01:32]} Rxd5 {[%clk 0:09:45]} 39. Reb1
{[%clk 0:01:58]} Rd2 {[%clk 0:09:10]} 40. g3 {[%clk 0:31:39]} e4 {[%clk 0:39:07]}
41. fxe4 {[%clk 0:31:12]} Bd4+ {[%clk 0:37:47]} 0-1

[Event "European Individual Chess Championship 2017"]
[Site "?"]
[Date "2017.05.31"]
[Round "2.42"]
[White "Andriasian, Zaven"]
[Black "Jurcik, Marian"]
[Result "1/2-1/2"]
[BlackElo "2501"]
[WhiteElo "2622"]
[LiveChessVersion "1.4.8"]

1. e4 {[%clk 1:30:55]} c5 {[%clk 1:30:50]} 2. Nf3 {[%clk 1:31:17]} d6
{[%clk 1:31:03]} 3. d4 {[%clk 1:31:41]} cxd4 {[%clk 1:31:28]} 4. Nxd4
{[%clk 1:32:03]} Nf6 {[%clk 1:31:48]} 5. Nc3 {[%clk 1:32:25]} a6 {[%clk 1:31:55]}
6. Be3 {[%clk 1:32:47]} e5 {[%clk 1:32:09]} 7. Nf3 {[%clk 1:33:10]} Be7
{[%clk 1:32:26]} 8. Bc4 {[%clk 1:33:31]} O-O {[%clk 1:32:40]} 9. O-O
{[%clk 1:33:53]} Nc6 {[%clk 1:32:56]} 10. Qe2 {[%clk 1:30:25]} Na5
{[%clk 1:33:07]} 11. Bb3 {[%clk 1:23:12]} h6 {[%clk 1:28:55]} 12. Rfd1
{[%clk 1:21:07]} Nxb3 {[%clk 1:28:10]} 13. axb3 {[%clk 1:18:37]} Qe8
{[%clk 1:28:18]} 14. Nd2 {[%clk 1:05:14]} b5 {[%clk 1:27:39]} 15. Nxb5
{[%clk 1:04:18]} 1/2-1/2

[Event "European Individual Chess Championship 2017"]
[Site "?"]
[Date "2017.05.31"]
[Round "2.43"]
[White "Sviridov, Valery"]
[Black "Fedorchuk, Sergey A."]
[Result "1-0"]
[BlackElo "2621"]
[WhiteElo "2504"]
[LiveChessVersion "1.4.8"]

1. Nf3 {[%clk 1:30:55]} Nf6 {[%clk 1:30:40]} 2. c4 {[%clk 1:30:58]} e6
{[%clk 1:28:36]} 3. g3 {[%clk 1:30:14]} a6 {[%clk 1:28:10]} 4. Bg2
{[%clk 1:29:01]} b5 {[%clk 1:28:00]} 5. b3 {[%clk 1:16:53]} Bb7 {[%clk 1:27:22]}
6. O-O {[%clk 1:17:03]} c5 {[%clk 1:26:29]} 7. d3 {[%clk 1:12:12]} Be7
{[%clk 1:22:20]} 8. e4 {[%clk 1:04:42]} d6 {[%clk 1:19:51]} 9. Nc3
{[%clk 1:03:59]} Qb6 {[%clk 1:19:40]} 10. Rb1 {[%clk 0:57:46]} Nc6
{[%clk 1:16:12]} 11. h3 {[%clk 0:53:49]} Nd7 {[%clk 1:13:39]} 12. Be3
{[%clk 0:50:56]} Bf6 {[%clk 1:11:14]} 13. Ne2 {[%clk 0:44:43]} Qc7
{[%clk 1:08:26]} 14. Nh2 {[%clk 0:33:53]} h5 {[%clk 0:56:11]} 15. f4
{[%clk 0:32:32]} g6 {[%clk 0:55:06]} 16. Nf3 {[%clk 0:32:42]} O-O
{[%clk 0:54:30]} 17. g4 {[%clk 0:30:09]} hxg4 {[%clk 0:54:14]} 18. hxg4
{[%clk 0:30:32]} Rfe8 {[%clk 0:51:47]} 19. Bh3 {[%clk 0:20:47]} Bg7
{[%clk 0:50:34]} 20. g5 {[%clk 0:13:53]} Rab8 {[%clk 0:40:51]} 21. Qd2
{[%clk 0:12:09]} Ne7 {[%clk 0:35:45]} 22. Bg2 {[%clk 0:09:27]} Ba8
{[%clk 0:28:33]} 23. Ng3 {[%clk 0:09:25]} a5 {[%clk 0:28:25]} 24. Nh2
{[%clk 0:06:09]} Nc6 {[%clk 0:26:38]} 25. Ng4 {[%clk 0:06:24]} Nd4
{[%clk 0:27:00]} 26. Nh6+ {[%clk 0:06:08]} Kf8 {[%clk 0:26:04]} 27. f5
{[%clk 0:01:52]} exf5 {[%clk 0:24:13]} 28. Rbe1 {[%clk 0:01:48]} bxc4
{[%clk 0:17:41]} 29. dxc4 {[%clk 0:01:52]} Qb7 {[%clk 0:10:51]} 30. Qxa5
{[%clk 0:01:05]} Be5 {[%clk 0:06:39]} 31. Bf4 {[%clk 0:01:01]} Re7
{[%clk 0:06:29]} 32. Qd2 {[%clk 0:01:08]} Rbe8 {[%clk 0:06:05]} 33. Rf2
{[%clk 0:01:25]} Bxf4 {[%clk 0:04:40]} 34. Qxf4 {[%clk 0:01:27]} Ne5
{[%clk 0:05:06]} 35. Rd1 {[%clk 0:01:39]} Qb4 {[%clk 0:02:27]} 36. Qh4
{[%clk 0:01:40]} Ra7 {[%clk 0:01:31]} 37. Rdf1 {[%clk 0:00:50]} Qc3
{[%clk 0:01:28]} 38. Qf4 {[%clk 0:01:02]} Ne6 {[%clk 0:01:15]} 39. Qh4
{[%clk 0:01:17]} f4 {[%clk 0:01:06]} 40. Ne2 {[%clk 0:30:35]} 1-0

[Event "European Individual Chess Championship 2017"]
[Site "?"]
[Date "2017.05.31"]
[Round "2.44"]
[White "Firat, Burak"]
[Black "Popov, Ivan"]
[Result "1/2-1/2"]
[BlackElo "2618"]
[WhiteElo "2499"]
[LiveChessVersion "1.4.8"]

1. d4 {[%clk 1:30:16]} d5 {[%clk 1:30:47]} 2. c4 {[%clk 1:30:20]} c6
{[%clk 1:31:11]} 3. Nf3 {[%clk 1:30:34]} Nf6 {[%clk 1:31:33]} 4. e3
{[%clk 1:29:42]} Bf5 {[%clk 1:29:43]} 5. Nc3 {[%clk 1:30:01]} a6 {[%clk 1:29:28]}
6. Qb3 {[%clk 1:21:00]} b5 {[%clk 1:29:35]} 7. c5 {[%clk 1:21:00]} a5
{[%clk 1:23:48]} 8. Ne5 {[%clk 1:16:31]} a4 {[%clk 1:23:57]} 9. Qd1
{[%clk 1:16:52]} g6 {[%clk 1:24:09]} 10. Bd3 {[%clk 1:12:18]} Bxd3
{[%clk 1:20:04]} 11. Nxd3 {[%clk 1:12:34]} Bg7 {[%clk 1:18:39]} 12. Qc2
{[%clk 1:07:19]} O-O {[%clk 1:08:53]} 1/2-1/2

[Event "European Individual Chess Championship 2017"]
[Site "?"]
[Date "2017.05.31"]
[Round "2.45"]
[White "Saric, Ivan"]
[Black "Theodorou, Nikolas"]
[Result "0-1"]
[BlackElo "2495"]
[WhiteElo "2618"]
[LiveChessVersion "1.4.8"]

1. c4 {[%clk 1:27:40]} Nf6 {[%clk 1:30:49]} 2. g3 {[%clk 1:28:03]} g6
{[%clk 1:30:53]} 3. Bg2 {[%clk 1:28:28]} Bg7 {[%clk 1:31:20]} 4. Nc3
{[%clk 1:28:54]} O-O {[%clk 1:31:43]} 5. e4 {[%clk 1:28:39]} d6 {[%clk 1:29:06]}
6. Nge2 {[%clk 1:28:37]} c5 {[%clk 1:28:53]} 7. O-O {[%clk 1:28:50]} Nc6
{[%clk 1:29:09]} 8. d3 {[%clk 1:29:09]} Bd7 {[%clk 1:17:08]} 9. a3
{[%clk 1:22:24]} Ne8 {[%clk 1:14:03]} 10. Rb1 {[%clk 1:21:22]} a5
{[%clk 1:00:23]} 11. Be3 {[%clk 1:21:27]} Nd4 {[%clk 0:45:57]} 12. b4
{[%clk 1:20:35]} axb4 {[%clk 0:46:22]} 13. axb4 {[%clk 1:21:00]} b6
{[%clk 0:45:41]} 14. Qd2 {[%clk 1:14:26]} Nc7 {[%clk 0:41:38]} 15. f4
{[%clk 1:04:33]} Ra3 {[%clk 0:36:12]} 16. f5 {[%clk 1:02:44]} Nxe2+
{[%clk 0:27:34]} 17. Nxe2 {[%clk 1:02:51]} Na6 {[%clk 0:27:57]} 18. b5
{[%clk 0:57:13]} Nb4 {[%clk 0:28:18]} 19. Nc1 {[%clk 0:57:34]} e6
{[%clk 0:18:25]} 20. Bh6 {[%clk 0:37:46]} Bxh6 {[%clk 0:15:51]} 21. Qxh6
{[%clk 0:38:11]} exf5 {[%clk 0:15:19]} 22. Ne2 {[%clk 0:20:46]} Nxd3
{[%clk 0:11:40]} 23. Rbd1 {[%clk 0:17:18]} Qe7 {[%clk 0:09:33]} 24. Nf4
{[%clk 0:11:57]} Nxf4 {[%clk 0:09:58]} 25. Rxf4 {[%clk 0:10:03]} Re8
{[%clk 0:06:26]} 26. Rh4 {[%clk 0:09:54]} f6 {[%clk 0:06:51]} 27. e5
{[%clk 0:06:05]} fxe5 {[%clk 0:05:17]} 28. Rxd6 {[%clk 0:06:18]} Ra1+
{[%clk 0:04:05]} 29. Kf2 {[%clk 0:06:41]} Ra2+ {[%clk 0:04:32]} 30. Kf1
{[%clk 0:07:01]} Ra1+ {[%clk 0:04:55]} 31. Kf2 {[%clk 0:07:27]} Ra2+
{[%clk 0:05:22]} 32. Kf1 {[%clk 0:07:52]} Qxd6 {[%clk 0:02:53]} 33. Bd5+
{[%clk 0:08:13]} Be6 {[%clk 0:03:20]} 34. Qxh7+ {[%clk 0:08:10]} Kf8
{[%clk 0:03:48]} 35. Qxg6 {[%clk 0:06:41]} Ke7 {[%clk 0:04:17]} 36. Rh7+
{[%clk 0:03:46]} Kd8 {[%clk 0:04:42]} 37. Qf6+ {[%clk 0:04:09]} Kc8
{[%clk 0:05:02]} 38. Qg6 {[%clk 0:04:28]} Ra1+ {[%clk 0:04:54]} 39. Kf2
{[%clk 0:04:55]} Ra2+ {[%clk 0:05:20]} 40. Kf1 {[%clk 0:35:21]} Rd8
{[%clk 0:30:39]} 41. Qxe6+ {[%clk 0:35:26]} Qxe6 {[%clk 0:31:04]} 42. Bxe6+
{[%clk 0:35:53]} Kb8 {[%clk 0:31:29]} 43. Bd5 {[%clk 0:35:46]} e4
{[%clk 0:19:34]} 44. h4 {[%clk 0:29:09]} f4 {[%clk 0:17:34]} 45. g4
{[%clk 0:17:25]} e3 {[%clk 0:11:17]} 46. Re7 {[%clk 0:12:13]} Rxd5
{[%clk 0:02:42]} 47. cxd5 {[%clk 0:12:37]} c4 {[%clk 0:03:10]} 48. d6
{[%clk 0:10:53]} Rd2 {[%clk 0:03:38]} 49. Rf7 c3 {[%clk 0:03:40]} 50. Rf8+
{[%clk 0:09:19]} Kb7 {[%clk 0:04:05]} 51. Rf7+ {[%clk 0:09:47]} Kb8
{[%clk 0:03:38]} 52. Rf8+ {[%clk 0:10:12]} Kb7 {[%clk 0:04:06]} 53. Rf7+
{[%clk 0:10:36]} Kc8 {[%clk 0:03:07]} 54. Rc7+ {[%clk 0:10:52]} Kd8
{[%clk 0:03:33]} 55. Rxc3 {[%clk 0:11:18]} Rh2 {[%clk 0:03:42]} 56. h5
{[%clk 0:09:35]} Kd7 {[%clk 0:03:08]} 57. Rd3 {[%clk 0:08:07]} Rh4
{[%clk 0:03:19]} 58. Ke2 {[%clk 0:01:45]} Rxg4 {[%clk 0:03:42]} 59. Kf3
{[%clk 0:01:37]} Rg3+ {[%clk 0:04:01]} 60. Kxf4 {[%clk 0:01:57]} e2
{[%clk 0:04:26]} 61. Rxg3 {[%clk 0:02:18]} e1=Q {[%clk 0:04:50]} 62. Rh3
{[%clk 0:00:37]} Qd2+ {[%clk 0:04:42]} 63. Kf5 {[%clk 0:00:33]} Qd5+
{[%clk 0:04:48]} 64. Kg4 {[%clk 0:00:59]} Qe6+ {[%clk 0:05:07]} 65. Kh4
{[%clk 0:01:12]} Kxd6 {[%clk 0:04:26]} 66. Rg3 {[%clk 0:01:34]} Kc5
{[%clk 0:04:41]} 67. Rg5+ {[%clk 0:01:35]} Kd4 {[%clk 0:05:05]} 68. Rg6
{[%clk 0:02:02]} Qe1+ {[%clk 0:04:33]} 69. Kg5 {[%clk 0:02:17]} Qe3+
{[%clk 0:03:15]} 70. Kh4 {[%clk 0:01:53]} Ke5 {[%clk 0:02:58]} 71. Rg7
{[%clk 0:01:03]} Qf2+ {[%clk 0:02:39]} 72. Kg5 {[%clk 0:01:23]} Qf6+
{[%clk 0:03:04]} 0-1

[Event "European Individual Chess Championship 2017"]
[Site "?"]
[Date "2017.05.31"]
[Round "2.46"]
[White "Potapov, Pavel"]
[Black "Kozul, Zdenko"]
[Result "1/2-1/2"]
[BlackElo "2617"]
[WhiteElo "2497"]
[LiveChessVersion "1.4.8"]

1. e4 {[%clk 1:30:57]} c5 {[%clk 1:30:50]} 2. c3 {[%clk 1:31:17]} Nf6
{[%clk 1:30:54]} 3. e5 {[%clk 1:31:42]} Nd5 {[%clk 1:31:18]} 4. Nf3
{[%clk 1:31:45]} e6 {[%clk 1:29:23]} 5. Bc4 {[%clk 1:29:59]} d6 {[%clk 1:27:27]}
6. d4 {[%clk 1:30:08]} cxd4 {[%clk 1:27:38]} 7. cxd4 {[%clk 1:30:28]} Be7
{[%clk 1:26:56]} 8. O-O {[%clk 1:30:39]} O-O {[%clk 1:27:18]} 9. Qe2
{[%clk 1:30:25]} Bd7 {[%clk 1:24:40]} 10. Rd1 {[%clk 1:28:17]} Bc6
{[%clk 1:21:01]} 11. Bxd5 {[%clk 1:22:04]} Bxd5 {[%clk 1:14:39]} 12. Nc3
{[%clk 1:22:25]} Bxf3 {[%clk 1:14:55]} 13. Qxf3 {[%clk 1:22:50]} d5
{[%clk 1:15:21]} 14. Qg4 {[%clk 1:18:35]} f5 {[%clk 1:10:08]} 15. exf6
{[%clk 1:17:55]} Rxf6 {[%clk 1:10:21]} 16. Ne2 {[%clk 1:13:44]} Nc6
{[%clk 1:06:21]} 17. Nf4 {[%clk 1:08:37]} Bd6 {[%clk 1:02:03]} 18. g3
{[%clk 1:01:20]} Bxf4 {[%clk 0:54:58]} 19. Bxf4 {[%clk 1:01:40]} Qb6
{[%clk 0:54:42]} 20. Be3 {[%clk 1:00:33]} Re8 {[%clk 0:48:12]} 21. b3
{[%clk 0:57:32]} Rf7 {[%clk 0:38:07]} 22. Kg2 {[%clk 0:52:22]} Qb4
{[%clk 0:28:23]} 23. h3 {[%clk 0:46:59]} Qc3 {[%clk 0:24:14]} 24. Qe2
{[%clk 0:42:26]} a6 {[%clk 0:18:34]} 25. Rac1 {[%clk 0:39:27]} Qb4
{[%clk 0:18:52]} 26. Qg4 {[%clk 0:34:42]} Qf8 {[%clk 0:17:36]} 27. Rd2
{[%clk 0:31:32]} Rc7 {[%clk 0:14:15]} 28. Bf4 {[%clk 0:26:24]} Rcc8
{[%clk 0:14:27]} 29. Re1 {[%clk 0:25:40]} Qf5 {[%clk 0:14:30]} 30. Bd6
{[%clk 0:24:06]} Qxg4 {[%clk 0:13:41]} 31. hxg4 {[%clk 0:22:13]} h6
{[%clk 0:14:04]} 32. Re3 {[%clk 0:20:23]} Kf7 {[%clk 0:12:51]} 33. Rf3+
{[%clk 0:19:16]} Kg6 {[%clk 0:13:11]} 34. Re3 {[%clk 0:19:20]} Rcd8
{[%clk 0:03:27]} 35. Bc5 {[%clk 0:19:04]} e5 {[%clk 0:03:08]} 36. dxe5
{[%clk 0:17:08]} Rxe5 {[%clk 0:03:32]} 37. Rxe5 {[%clk 0:16:19]} Nxe5
{[%clk 0:03:56]} 38. f3 {[%clk 0:16:15]} Rd7 {[%clk 0:03:19]} 39. Re2
{[%clk 0:12:42]} Nc6 {[%clk 0:01:41]} 40. f4 {[%clk 0:42:39]} Kf7
{[%clk 0:31:18]} 41. Kf3 {[%clk 0:42:04]} Rd8 {[%clk 0:21:39]} 42. Bb6
{[%clk 0:38:39]} Rc8 {[%clk 0:20:55]} 43. Rd2 {[%clk 0:36:53]} Ke6
{[%clk 0:19:39]} 44. a3 {[%clk 0:34:15]} Ne7 {[%clk 0:14:24]} 45. Bd4
{[%clk 0:32:38]} Kf7 {[%clk 0:14:47]} 46. Re2 {[%clk 0:30:48]} Nc6
{[%clk 0:14:22]} 47. Bb6 {[%clk 0:30:43]} Nb8 {[%clk 0:13:34]} 48. Bd4
{[%clk 0:29:11]} Rc1 {[%clk 0:13:50]} 49. Rd2 {[%clk 0:28:09]} Nc6
{[%clk 0:13:10]} 50. Bb2 {[%clk 0:28:33]} Rb1 {[%clk 0:12:12]} 51. b4
{[%clk 0:27:55]} g6 {[%clk 0:11:08]} 52. Kf2 {[%clk 0:25:15]} Ke6
{[%clk 0:08:59]} 53. Re2+ {[%clk 0:24:38]} Kf7 {[%clk 0:09:05]} 54. Rd2
{[%clk 0:24:47]} Ne7 {[%clk 0:09:08]} 55. Rc2 {[%clk 0:23:50]} Rh1
{[%clk 0:07:44]} 56. Kf3 {[%clk 0:23:28]} Rb1 {[%clk 0:05:36]} 57. Kf2
{[%clk 0:22:40]} h5 {[%clk 0:05:40]} 58. gxh5 {[%clk 0:22:06]} gxh5
{[%clk 0:06:06]} 59. Rd2 {[%clk 0:21:26]} Nf5 {[%clk 0:05:55]} 60. Bh8
{[%clk 0:18:59]} Rb3 {[%clk 0:05:09]} 61. Rxd5 {[%clk 0:18:01]} Nxg3
{[%clk 0:05:34]} 62. Rd7+ {[%clk 0:17:51]} Ke6 {[%clk 0:05:36]} 63. Rxb7
{[%clk 0:17:31]} h4 {[%clk 0:04:48]} 64. Kg2 {[%clk 0:17:35]} Rxa3
{[%clk 0:02:29]} 65. b5 {[%clk 0:16:21]} axb5 {[%clk 0:01:52]} 66. Rxb5
{[%clk 0:16:44]} Re3 {[%clk 0:01:06]} 67. Re5+ {[%clk 0:16:35]} Rxe5
{[%clk 0:01:25]} 1/2-1/2

[Event "European Individual Chess Championship 2017"]
[Site "?"]
[Date "2017.05.31"]
[Round "2.47"]
[White "Banusz, Tamas"]
[Black "Matinian, Nikita"]
[Result "1/2-1/2"]
[BlackElo "2491"]
[WhiteElo "2616"]
[LiveChessVersion "1.4.8"]

1. Nf3 {[%clk 1:27:42]} Nf6 {[%clk 1:30:47]} 2. c4 {[%clk 1:28:04]} g6
{[%clk 1:31:12]} 3. g3 {[%clk 1:28:29]} Bg7 {[%clk 1:31:39]} 4. Bg2
{[%clk 1:28:53]} c6 {[%clk 1:31:32]} 5. O-O {[%clk 1:28:46]} O-O {[%clk 1:31:54]}
6. b3 {[%clk 1:26:23]} Ne4 {[%clk 1:32:14]} 7. d4 {[%clk 1:26:44]} d5
{[%clk 1:32:41]} 8. Bb2 {[%clk 1:27:07]} Bf5 {[%clk 1:32:21]} 9. e3
{[%clk 1:26:22]} Nd7 {[%clk 1:28:31]} 10. Qe2 {[%clk 1:25:15]} a5
{[%clk 1:14:37]} 11. Nc3 {[%clk 1:20:55]} Nxc3 {[%clk 1:06:42]} 12. Bxc3
{[%clk 1:21:18]} Be4 {[%clk 1:05:54]} 13. Rfc1 {[%clk 1:17:04]} Qb6
{[%clk 1:01:56]} 14. Bh3 {[%clk 1:07:11]} Bxf3 {[%clk 0:55:20]} 15. Qxf3
{[%clk 1:07:38]} e6 {[%clk 0:55:44]} 16. Rab1 {[%clk 1:03:42]} Rfc8
{[%clk 0:45:56]} 17. Qe2 {[%clk 0:59:19]} Qd8 {[%clk 0:35:13]} 18. a4
{[%clk 0:54:57]} h5 {[%clk 0:33:27]} 19. cxd5 {[%clk 0:51:00]} cxd5
{[%clk 0:28:56]} 20. Qb5 {[%clk 0:51:20]} Bf8 {[%clk 0:21:00]} 21. Bd2
{[%clk 0:43:01]} b6 {[%clk 0:20:42]} 22. Bf1 {[%clk 0:39:09]} Nf6
{[%clk 0:18:34]} 23. f3 {[%clk 0:36:50]} Ne8 {[%clk 0:18:00]} 24. Qd3
{[%clk 0:35:47]} Bb4 {[%clk 0:15:19]} 25. Bxb4 {[%clk 0:33:27]} axb4
{[%clk 0:15:04]} 26. Qd2 {[%clk 0:33:41]} Qd6 {[%clk 0:15:18]} 27. Bb5
{[%clk 0:33:01]} Ng7 {[%clk 0:13:46]} 28. e4 {[%clk 0:30:04]} dxe4
{[%clk 0:11:59]} 29. fxe4 {[%clk 0:30:33]} e5 {[%clk 0:12:04]} 30. d5
{[%clk 0:27:53]} 1/2-1/2

[Event "European Individual Chess Championship 2017"]
[Site "?"]
[Date "2017.05.31"]
[Round "2.48"]
[White "Shevchenko, Kirill"]
[Black "Tomczak, Jacek"]
[Result "1-0"]
[BlackElo "2615"]
[WhiteElo "2491"]
[LiveChessVersion "1.4.8"]

1. d4 {[%clk 1:30:59]} Nf6 {[%clk 1:30:10]} 2. c4 {[%clk 1:31:24]} g6
{[%clk 1:27:49]} 3. Nc3 {[%clk 1:31:44]} Bg7 {[%clk 1:27:02]} 4. e4
{[%clk 1:31:55]} O-O {[%clk 1:27:24]} 5. Nf3 {[%clk 1:31:35]} d6 {[%clk 1:27:32]}
6. h3 {[%clk 1:31:35]} Na6 {[%clk 1:19:31]} 7. Bg5 {[%clk 1:27:31]} h6
{[%clk 1:09:39]} 8. Be3 {[%clk 1:27:16]} e5 {[%clk 1:05:00]} 9. d5
{[%clk 1:24:34]} Nc5 {[%clk 1:02:06]} 10. Nd2 {[%clk 1:15:11]} a5
{[%clk 0:58:55]} 11. g4 {[%clk 1:14:03]} Ne8 {[%clk 0:50:05]} 12. Qc2
{[%clk 1:13:10]} Bd7 {[%clk 0:48:33]} 13. O-O-O {[%clk 1:11:47]} a4
{[%clk 0:44:16]} 14. Kb1 {[%clk 0:58:36]} Qb8 {[%clk 0:30:52]} 15. a3
{[%clk 0:45:44]} Qa7 {[%clk 0:29:57]} 16. f3 {[%clk 0:45:54]} c6 {[%clk 0:28:04]}
17. h4 {[%clk 0:42:20]} Nc7 {[%clk 0:27:06]} 18. g5 {[%clk 0:42:19]} h5
{[%clk 0:27:17]} 19. Bh3 {[%clk 0:41:55]} Bxh3 {[%clk 0:20:07]} 20. Rxh3
{[%clk 0:42:21]} Qa5 {[%clk 0:20:35]} 21. Nf1 {[%clk 0:34:15]} Nb3
{[%clk 0:18:41]} 22. Qf2 {[%clk 0:18:14]} Rfc8 {[%clk 0:15:02]} 23. Nd2
{[%clk 0:13:33]} Nd4 {[%clk 0:14:25]} 24. f4 {[%clk 0:09:13]} cxd5
{[%clk 0:07:30]} 25. fxe5 {[%clk 0:09:21]} dxe5 {[%clk 0:07:57]} 26. exd5
{[%clk 0:07:38]} b5 {[%clk 0:07:17]} 27. Nf3 {[%clk 0:04:14]} b4 {[%clk 0:02:31]}
28. Ne4 {[%clk 0:01:42]} Nxd5 {[%clk 0:01:08]} 29. Bxd4 {[%clk 0:01:31]} Nf4
{[%clk 0:00:51]} 30. axb4 {[%clk 0:00:36]} Qxb4 {[%clk 0:00:37]} 31. Nxe5
{[%clk 0:00:50]} Bxe5 {[%clk 0:00:36]} 32. Bxe5 {[%clk 0:01:14]} Qxc4
{[%clk 0:00:57]} 33. Nf6+ {[%clk 0:01:28]} Kf8 {[%clk 0:01:05]} 34. Nd7+
{[%clk 0:01:53]} Kg8 {[%clk 0:01:27]} 35. Nf6+ {[%clk 0:02:22]} Kf8
{[%clk 0:01:55]} 36. Bxf4 {[%clk 0:02:20]} Qe6 {[%clk 0:00:45]} 37. Bd6+
{[%clk 0:02:29]} Kg7 {[%clk 0:01:12]} 38. Re3 {[%clk 0:02:52]} 1-0

[Event "European Individual Chess Championship 2017"]
[Site "?"]
[Date "2017.05.31"]
[Round "2.49"]
[White "Erdos, Viktor"]
[Black "Iljiushenok, Ilia"]
[Result "1/2-1/2"]
[BlackElo "2489"]
[WhiteElo "2614"]
[LiveChessVersion "1.4.8"]

1. Nf3 {[%clk 1:27:20]} Nf6 {[%clk 1:30:45]} 2. c4 {[%clk 1:27:43]} g6
{[%clk 1:31:09]} 3. g3 {[%clk 1:28:00]} Bg7 {[%clk 1:31:34]} 4. Bg2
{[%clk 1:28:27]} O-O {[%clk 1:31:56]} 5. O-O {[%clk 1:27:54]} d6 {[%clk 1:32:19]}
6. d4 {[%clk 1:28:13]} Nc6 {[%clk 1:32:36]} 7. Nc3 {[%clk 1:28:38]} a6
{[%clk 1:32:58]} 8. Re1 {[%clk 1:28:30]} Rb8 9. Rb1 Bf5 {[%clk 1:29:46]} 10. e4
{[%clk 1:29:16]} Bg4 {[%clk 1:30:07]} 11. Be3 {[%clk 1:29:05]} Qc8
{[%clk 1:29:02]} 12. Rc1 {[%clk 1:11:47]} Re8 {[%clk 1:19:28]} 13. Qd3
{[%clk 1:03:11]} Bxf3 {[%clk 1:03:01]} 14. Bxf3 {[%clk 1:03:35]} Ng4
{[%clk 0:59:24]} 15. Bxg4 {[%clk 1:01:42]} Qxg4 {[%clk 0:59:47]} 16. Kg2
{[%clk 1:01:08]} Qd7 {[%clk 0:52:59]} 17. a3 {[%clk 0:51:20]} e6 {[%clk 0:43:55]}
18. b4 {[%clk 0:48:27]} Ne7 {[%clk 0:42:04]} 19. Bg5 {[%clk 0:34:21]} Nc6
{[%clk 0:38:38]} 20. Be3 {[%clk 0:34:40]} Ne7 {[%clk 0:39:04]} 21. Rc2
{[%clk 0:31:51]} f5 {[%clk 0:26:51]} 22. f3 {[%clk 0:28:54]} fxe4
{[%clk 0:22:26]} 23. fxe4 {[%clk 0:24:44]} Rf8 24. Rf2 {[%clk 0:25:05]} Rxf2+
{[%clk 0:21:47]} 25. Bxf2 1/2-1/2